Pirates! Close Up Quiz Stats

 Plays Quiz Updated Jul 25, 2016

Challenge
Share
Tweet
Score 0/20 Timer 02:00
5 Plays Today
# Pirate Thing % Correct
7Cutlass
97.7%
6Treasure Map
97.4%
9Anchor
95.8%
14Eye patch
95.8%
4Flintlock
95.7%
2Parrot
95.6%
13Compass
95.5%
17Jolly Roger
95.2%
18Treasure (Pieces of Eight)
94.5%
10Walking the Plank
94.5%
# Pirate Thing % Correct
8Cannon
93.1%
20Peg Leg
92.7%
1Hook
91.8%
11Skeleton
91.6%
3Helm
90.7%
16Monkey
90.4%
12Sails
87.2%
19Spyglass
82%
15Treasure Chest
74.5%
5Crow's Nest
67.4%

You're not logged in!

Compare scores with friends on all Sporcle quizzes.
Join for Free
OR
Log In

You Might Also Like...

Show Comments

Extras

Top Quizzes Today


Score Distribution

Your Account Isn't Verified!

In order to create a playlist on Sporcle, you need to verify the email address you used during registration. Go to your Sporcle Settings to finish the process.

Report this User

Report this user for behavior that violates our Community Guidelines.

Details: